| 000 | 02050nam a2200433 i 4500 | ||
|---|---|---|---|
| 001 | 193135 | ||
| 003 | SpMaBN | ||
| 005 | 20240708063028.0 | ||
| 007 | ta | ||
| 008 | 230822s2020 sp a | |||| 000 0dspa | ||
| 017 |
_aM 2254-2020 _bOficina Depósito Legal Madrid |
||
| 020 | _a9788470756634 | ||
| 035 | _aa6997329 | ||
| 040 |
_aSpMaBN _bspa _cSpMaBN _erda _dES-MaACL |
||
| 080 | _a75 Cuixart, Modest (083.824) | ||
| 080 | _a73 Cuixart, Modest (083.824) | ||
| 100 | 1 |
_aCuixart, Modest, _d1925-2007 _4artista _9234022 |
|
| 245 | 1 | 0 |
_aCuixart: los años cruciales, (1955-1996) / _cRaquel Medina de Vargas, Assumpta Capellà, Catalina Ballester (eds.) ; con ensayos de Raquel Medina de Vargas, Arnau Puig, Lourdes Cirlot |
| 264 | 1 |
_aMadrid : _bFundación Juan March : _bEditorial de Arte y Ciencia, _c[2020] |
|
| 264 | 4 | _c©2020 | |
| 300 |
_a235 páginas : _bprincipalmente ilustraciones (color) ; _c27 cm |
||
| 336 |
_aImagen fija _aTexto _2rdacontent |
||
| 337 |
_asin mediación _2rdamedia |
||
| 338 |
_avolumen _2rdacarrier |
||
| 500 | _aExposición: Museu Fundación Juan March, Palma, del 5 de febrero al 16 de mayo de 2020; Museo de Arte Abstracto Español, Cuenca, del 5 de junio al 27 de septiembre de 2020 | ||
| 500 | _aCatalogación provisional. Signatura: N 8620. Depósito J. | ||
| 504 | _aBibliografía: páginas 215-224 | ||
| 600 | 1 | 7 |
_aCuixart, Modest, _d1925-2007 _vExposiciones _2embne _9234023 |
| 655 | 7 |
_aCatálogos de exposiciones _2tgfbne _9193628 |
|
| 700 | 1 |
_aMedina de Vargas, Raquel _4comisario _4autor de contenido textual suplementario _9234024 |
|
| 710 | 2 |
_aMuseu Fundación Juan March (Palma) _4sede _9234025 |
|
| 710 | 2 |
_aMuseo de Arte Abstracto Español (Cuenca) _4sede _9142639 |
|
| 852 |
_aES-MaACL _9200450 _bR.153116 _cDEPOJ _hDonación: Editorial _zEn proceso |
||
| 942 |
_n0 _cMONOGRAFIA |
||
| 999 |
_c193135 _d193135 |
||